Statistics for French Grammar - Easy

Click here to take the quiz!

General Stats

  • This quiz has been taken 132 times
  • The average score is 11 of 15

Answer Stats

QuestionAnswer% Correct
____ les escargots.J'aime
85%
Sophie ____ une banane.Mange
85%
Mes parents ____ toute la semaine.Travaillent
81%
Mon frère ____ Jeremy.S'appelle
79%
Les enfants ____ dans le jardin.Jouent
77%
Cela ne m'intéresse pas du ___.Tout
76%
Pierre se ____ à l'école.rend
71%
A quelle heure tu ____ aujourd'hui ?Termines
70%
J'ai ____ de téléphone portable.Changé
69%
'Interstellar' est mon film ____.Préféré
69%
Peux-tu ____ du thé s'il te plaît ?M'apporter
68%
Je suis ___ au cinéma.Allé
65%
C'est ma voiture ____.Préférée
65%
_____ ma baguette de pain tous les matins.J'achète
61%
Pouvez-vous me les ____ ?Montrer
53%

Score Distribution

Percentile by Number Answered

Percent of People with Each Score

Your Score History

You have not taken this quiz